01657nam a2200337 u 4500001000800000005001700008007001000025008004100035035001200076040001300088041000800101082000800109100004400117245013800161260004300299300001300342520063800355650001800993650002901011650002801040650002101068650002801089650003101117650003301148650002701181650002901208650002701237700003801264502001001302526000701312109800720260507083822.0co|||||||080815s2008 spa  a1098007 ccomduadb aspa 4a79210aTorres Abaunza, Diana Liliana4auteaut13aEl teatro como posibilitador del desarrollo de las competencias ciudadanas para fortalecer las identidades culturales y territoriales aMedellín :b[sin publicador],c2008. a1 CD-ROM3 aEl proyecto investigativo servirá de antecedente para evaluar la pertinencia e impacto social que se puede generar desde el juego teatral, a través de las competencias ciudadanas y cómo éstas a su vez, se convierten en estrategias para fortalecer las identidades culturales y territoriales, específicamente en niños y niñas de los 5 a los 12 años, además, buscar los planteamientos requeridos para trabajar con la comunidad en el sano aprovechamiento del tiempo de ocio en forma creativa desde el teatro, con el fin de interactuar, conocerse y valorase a si mismo como a los otros desde el respeto y la diferencia.  aJuego teatral 7aIdentidad cultural2lemb aCompetencias ciudadanas aTeatro y cultura 7aTeatro y sociedad2lemb aAutoestima en adolescentes 7aDesplazamiento forzado2lemb 7aAbuso del niño2lemb 7aMulticulturalismo2embne 7aTrabajo infantil2lemb10aParada Giraldo, Daryeny4thseths b29c7 a29